<?xml version="1.0" encoding="UTF-8"?>
<record
    xmlns:xsi="http://www.w3.org/2001/XMLSchema-instance"
    xsi:schemaLocation="http://www.loc.gov/MARC21/slim http://www.loc.gov/standards/marcxml/schema/MARC21slim.xsd"
    xmlns="http://www.loc.gov/MARC21/slim">

  <leader>01384nam0a22003011  4500</leader>
  <controlfield tag="001">rc\646707</controlfield>
  <controlfield tag="005">20250621195245.0</controlfield>
  <datafield tag="035" ind1=" " ind2=" ">
    <subfield code="a">(NLR Aleph) 005887238</subfield>
  </datafield>
  <datafield tag="090" ind1=" " ind2=" ">
    <subfield code="a">6139997</subfield>
    <subfield code="c">6139997</subfield>
  </datafield>
  <datafield tag="100" ind1=" " ind2=" ">
    <subfield code="a">20031121d1986    |||y0rusy50      ca</subfield>
  </datafield>
  <datafield tag="101" ind1="0" ind2=" ">
    <subfield code="a">rus</subfield>
  </datafield>
  <datafield tag="102" ind1=" " ind2=" ">
    <subfield code="a">RU</subfield>
  </datafield>
  <datafield tag="105" ind1=" " ind2=" ">
    <subfield code="a">a   |||||||||</subfield>
  </datafield>
  <datafield tag="200" ind1="1" ind2=" ">
    <subfield code="a">&#x414;&#x432;&#x430; &#x431;&#x435;&#x440;&#x435;&#x433;&#x430;</subfield>
    <subfield code="e">[&#x421;&#x442;&#x438;&#x445;&#x438;]</subfield>
    <subfield code="e">&#x41F;&#x435;&#x440;. &#x441; &#x430;&#x437;&#x435;&#x440;&#x431;.</subfield>
    <subfield code="f">&#x421;&#x443;&#x43B;&#x435;&#x439;&#x43C;&#x430;&#x43D; &#x420;&#x443;&#x441;&#x442;&#x430;&#x43C;</subfield>
    <subfield code="g">[&#x410;&#x432;&#x442;. &#x432;&#x441;&#x442;&#x443;&#x43F;. &#x441;&#x442;. &#x42D;&#x43B;&#x44C;&#x447;&#x438;&#x43D;</subfield>
    <subfield code="g">&#x425;&#x443;&#x434;&#x43E;&#x436;. &#x421;. &#x428;&#x430;&#x442;&#x438;&#x43A;&#x43E;&#x432;]</subfield>
  </datafield>
  <datafield tag="210" ind1=" " ind2=" ">
    <subfield code="a">&#x411;&#x430;&#x43A;&#x443;</subfield>
    <subfield code="c">&#x410;&#x437;&#x435;&#x440;&#x43D;&#x435;&#x448;&#x440;</subfield>
    <subfield code="d">1986</subfield>
  </datafield>
  <datafield tag="215" ind1=" " ind2=" ">
    <subfield code="a">241, [1] &#x441;., [1] &#x43B;. &#x43F;&#x43E;&#x440;&#x442;&#x440;.</subfield>
    <subfield code="d">15&#x445;16</subfield>
  </datafield>
  <datafield tag="300" ind1=" " ind2=" ">
    <subfield code="a">&#x41F;&#x435;&#x440;&#x435;&#x434; &#x432;&#x44B;&#x43F;. &#x434;&#x430;&#x43D;. &#x430;&#x432;&#x442;.: &#x421;&#x443;&#x43B;&#x435;&#x439;&#x43C;&#x430;&#x43D; &#x420;&#x443;&#x441;&#x442;&#x430;&#x43C; ( &#x421;&#x443;&#x43B;&#x435;&#x439;&#x43C;&#x430;&#x43D; &#x410;&#x43B;&#x438;&#x430;&#x431;&#x431;&#x430;&#x441; &#x43E;&#x433;&#x43B;&#x44B; &#x420;&#x443;&#x441;&#x442;&#x430;&#x43C;&#x437;&#x430;&#x434;&#x435;)</subfield>
  </datafield>
  <datafield tag="327" ind1="0" ind2=" ">
    <subfield code="a">&#x426;&#x438;&#x43A;&#x43B;&#x44B;: &#x41F;&#x438;&#x448;&#x443; &#x436;&#x443;&#x440;&#x430;&#x432;&#x43B;&#x438;&#x43D;&#x44B;&#x43C; &#x43F;&#x435;&#x440;&#x43E;&#x43C;; &#x42F; - &#x442;&#x430;&#x43A;&#x43E;&#x439; &#x43F;&#x43E;&#x44D;&#x442;; &#x412;&#x435;&#x447;&#x43D;&#x44B;&#x439; &#x441;&#x432;&#x435;&#x442;; &#x412;&#x435;&#x441;&#x43D;&#x430; &#x434;&#x443;&#x448;&#x438; &#x43C;&#x43E;&#x435;&#x439;</subfield>
  </datafield>
  <datafield tag="464" ind1=" " ind2="0">
    <subfield code="1">2001#$a&#x41F;&#x438;&#x448;&#x443; &#x436;&#x443;&#x440;&#x430;&#x432;&#x43B;&#x438;&#x43D;&#x44B;&#x43C; &#x43F;&#x435;&#x440;&#x43E;&#x43C;</subfield>
    <subfield code="t">&#x41F;&#x438;&#x448;&#x443; &#x436;&#x443;&#x440;&#x430;&#x432;&#x43B;&#x438;&#x43D;&#x44B;&#x43C; &#x43F;&#x435;&#x440;&#x43E;&#x43C;</subfield>
  </datafield>
  <datafield tag="464" ind1=" " ind2="0">
    <subfield code="1">2001#$a&#x42F; - &#x442;&#x430;&#x43A;&#x43E;&#x439; &#x43F;&#x43E;&#x44D;&#x442;</subfield>
    <subfield code="t">&#x42F; - &#x442;&#x430;&#x43A;&#x43E;&#x439; &#x43F;&#x43E;&#x44D;&#x442;</subfield>
  </datafield>
  <datafield tag="464" ind1=" " ind2="0">
    <subfield code="1">2001#$a&#x412;&#x435;&#x447;&#x43D;&#x44B;&#x439; &#x441;&#x432;&#x435;&#x442;</subfield>
    <subfield code="t">&#x412;&#x435;&#x447;&#x43D;&#x44B;&#x439; &#x441;&#x432;&#x435;&#x442;</subfield>
  </datafield>
  <datafield tag="464" ind1=" " ind2="0">
    <subfield code="1">2001#$a&#x412;&#x435;&#x441;&#x43D;&#x430; &#x434;&#x443;&#x448;&#x438; &#x43C;&#x43E;&#x435;&#x439;</subfield>
    <subfield code="t">&#x412;&#x435;&#x441;&#x43D;&#x430; &#x434;&#x443;&#x448;&#x438; &#x43C;&#x43E;&#x435;&#x439;</subfield>
  </datafield>
  <datafield tag="700" ind1=" " ind2="1">
    <subfield code="a">&#x420;&#x443;&#x441;&#x442;&#x430;&#x43C;</subfield>
    <subfield code="b">&#x421;.</subfield>
    <subfield code="f">1906-1989</subfield>
    <subfield code="g">&#x421;&#x443;&#x43B;&#x435;&#x439;&#x43C;&#x430;&#x43D;</subfield>
  </datafield>
  <datafield tag="801" ind1=" " ind2="0">
    <subfield code="a">RU</subfield>
    <subfield code="b">NLR</subfield>
    <subfield code="g">psbo</subfield>
  </datafield>
  <datafield tag="801" ind1=" " ind2="1">
    <subfield code="a">RU</subfield>
    <subfield code="b">ELAR</subfield>
    <subfield code="2">rusmarc</subfield>
  </datafield>
  <datafield tag="852" ind1=" " ind2=" ">
    <subfield code="a">NLR</subfield>
    <subfield code="j">86-2/2080</subfield>
  </datafield>
  <datafield tag="942" ind1=" " ind2=" ">
    <subfield code="c">BOOK</subfield>
  </datafield>
  <datafield tag="980" ind1=" " ind2=" ">
    <subfield code="a">NB</subfield>
  </datafield>
  <datafield tag="995" ind1=" " ind2=" ">
    <subfield code="5">2013-10-26</subfield>
    <subfield code="b">NLR01</subfield>
    <subfield code="c">NLR01</subfield>
    <subfield code="e">RF9</subfield>
    <subfield code="f">1-1042130</subfield>
    <subfield code="k">86-2/2080</subfield>
    <subfield code="o">0</subfield>
    <subfield code="r">BOOK</subfield>
    <subfield code="s">8622080_</subfield>
  </datafield>
</record>
